An den Schwellen des Lebens: zur Geschlechterdifferenz in Ritualen des Übergangs

Saved in:  
Bibliographic Details
Contributors: Heininger, Bernhard 1958- (Editor)
Format: Print Book
Language:German
Subito Delivery Service: Order now.
Check availability: HBZ Gateway
WorldCat: WorldCat
Interlibrary Loan:Interlibrary Loan for the Fachinformationsdienste (Specialized Information Services in Germany)
Published: Berlin [u.a.] Lit 2008
In: Geschlecht, Symbol, Religion (5)
Year: 2008
Volumes / Articles:Show volumes/articles.
Series/Journal:Geschlecht, Symbol, Religion 5
Standardized Subjects / Keyword chains:B Sex difference / Rite of passage / History
Further subjects:B Conference program 2004 (Würzburg)
B Rites and ceremonies Sex differences Congresses
B Conference program 2005 (Würzburg)
Online Access: Table of Contents

MARC

LEADER 00000cam a2200000 c 4500
001 504453505
003 DE-627
005 20251223211013.0
007 tu
008 051214s2008 gw ||||| 00| ||ger c
010 |a  2009466509 
015 |a 08,N36,0175  |2 dnb 
016 7 |a 990020665  |2 DE-101 
020 |a 3825890805  |c kt. : Eur 34,90  |9 3-8258-9080-5 
020 |a 9783825890803  |c Pb. : sfr 30.90 (freier Pr.), EUR 19.90  |9 978-3-8258-9080-3 
024 3 |a 9783825890803 
035 |a (DE-627)504453505 
035 |a (DE-576)303077557 
035 |a (DE-599)GBV504453505 
035 |a (OCoLC)606852819 
035 |a (OCoLC)316571891 
040 |a DE-627  |b ger  |c DE-627  |e rakwb 
041 |a ger 
044 |c XA-DE-NW 
050 0 |a BL600 
082 0 |a 203.8 
082 0 |a 200  |q BSZ 
082 0 |a 300  |q BSZ 
082 0 4 |a 200  |a 300 
084 |a 0  |2 ssgn 
084 |a BE 2590  |2 rvk  |0 (DE-625)rvk/10534: 
084 |a 11.09  |2 bkl 
245 0 0 |a An den Schwellen des Lebens  |b zur Geschlechterdifferenz in Ritualen des Übergangs  |c Bernhard Heininger (Hg.) 
264 1 |a Berlin [u.a.]  |b Lit  |c 2008 
300 |a 332 S.  |b Ill., graph. Darst.  |c 235 mm x 162 mm 
336 |a Text  |b txt  |2 rdacontent 
337 |a ohne Hilfsmittel zu benutzen  |b n  |2 rdamedia 
338 |a Band  |b nc  |2 rdacarrier 
490 1 |a Geschlecht - Symbol - Religion  |v 5 
500 |a Literaturangaben 
583 1 |a Archivierung/Langzeitarchivierung gewährleistet  |f SSG  |x XA-DE-BW  |2 pdager  |5 DE-21 
583 1 |a Archivierung prüfen  |c 20240324  |f DE-4165  |z 3  |2 pdager 
601 |a Schwelle 
650 0 |a Rites and ceremonies  |x Sex differences  |v Congresses 
655 7 |a Konferenzschrift  |y 2004  |z Würzburg  |0 (DE-588)1071861417  |0 (DE-627)826484824  |0 (DE-576)433375485  |2 gnd-content 
655 7 |a Konferenzschrift  |y 2005  |z Würzburg  |0 (DE-588)1071861417  |0 (DE-627)826484824  |0 (DE-576)433375485  |2 gnd-content 
689 0 0 |d s  |0 (DE-588)4071781-1  |0 (DE-627)104516690  |0 (DE-576)209184892  |2 gnd  |a Geschlechtsunterschied 
689 0 1 |d s  |0 (DE-588)4125222-6  |0 (DE-627)105741817  |0 (DE-576)20957478X  |2 gnd  |a Übergangsritus 
689 0 2 |q z  |2 gnd  |a Geschichte 
689 0 |5 DE-101 
700 1 |e Hrsg.  |0 (DE-588)111996422  |0 (DE-627)495057096  |0 (DE-576)166331945  |4 edt  |a Heininger, Bernhard  |d 1958- 
830 0 |a Geschlecht, Symbol, Religion  |v 5  |9 5  |w (DE-627)379239124  |w (DE-576)108611094  |w (DE-600)2136565-9  |7 am 
856 4 2 |u http://d-nb.info/990020665/04  |m B:DE-101  |q application/pdf  |v 20130501  |x Verlag  |3 Inhaltsverzeichnis  |7 1 
935 |a mteo 
935 |i Blocktest 
936 r v |a BE 2590  |b Übergangsrituale, Initiation  |k Theologie und Religionswissenschaften  |k Religionswissenschaft  |k Systematische Religionswissenschaft  |k Religionsphänomenologie  |k Religiöses Leben und Praktiken  |k Übergangsrituale, Initiation  |0 (DE-627)1273428986  |0 (DE-625)rvk/10534:  |0 (DE-576)203428986 
936 b k |a 11.09  |j Systematische Religionswissenschaft: Sonstiges  |0 (DE-627)106404237 
951 |a BO 
ACO |a 1 
ELC |b 1 
ITA |a 1  |t 1 
LOK |0 000 xxxxxcx a22 zn 4500 
LOK |0 001 321206028X 
LOK |0 003 DE-627 
LOK |0 004 504453505 
LOK |0 005 20090707144155 
LOK |0 008 090615||||||||||||||||ger||||||| 
LOK |0 040   |a DE-21  |c DE-627  |d DE-21 
LOK |0 852   |a DE-21 
LOK |0 852 1  |c 49 A 7030  |9 00 
LOK |0 935   |a theo 
LOK |0 936ln  |a t12 
LOK |0 938   |a 0907  |f 1 
LOK |0 939   |a 15-06-09  |b l01 
ORI |a SA-MARC-ixtheoa001.raw 
REL |a 1 
SPR |a 1  |t IXT  |t REL 
STA 0 0 |a History,History,History in art,Rite of passage,Passage ritual,Sex difference,Sex differences 
STB 0 0 |a Différences de genre,Différences de genre,Dimorphisme sexuel,Dimorphisme sexuel,Histoire,Histoire,Histoire,Rite de passage 
STC 0 0 |a Diferencias sexuales,Diferencias sexuales,Historia,Historia,Historia,Rito de pasaje 
STD 0 0 |a Differenza tra i sessi,Dismorfismo sessuale,Differenza tra i sessi,Differenza tra i sessi,Rito di passaggio,Storia,Storia 
STE 0 0 |a 历史,史,性别差异,性别差异,两性差别,两性差别,通过仪式 
STF 0 0 |a 性別差異,性別差異,兩性差別,兩性差別,歷史,史,通過儀式 
STG 0 0 |a Diferenças sexuais,Diferenças sexuais,História,História,Rito de passagem 
STH 0 0 |a История (мотив),История,Обряды перехода,Половое различие (мотив),Половое различие 
STI 0 0 |a Διαφορά μεταξύ των φύλων (μοτίβο),Φυλετικός διμορφισμός,Διαφορά μεταξύ των φύλων,Ιεροτελεστία της μετάβασης,Ιστορία (μοτίβο),Ιστορία 
SUB |a REL 
SYG 0 0 |a Geschlechterdifferenz,Geschlechtsdimorphismus,Geschlechtsspezifisch ...,Geschlechtsspezifische Differenz,Sexualdimorphismus,Geschlechterunterschied,Geschlecht,Geschlechtsunterschiede,Geschlechtskonstruktion,Geschlechterkonstruktion,Geschlechterdifferenz,Geschlechtsspezifisch ...,Geschlechtsspezifische Differenz,Geschlechterunterschied,Geschlecht,Geschlechtsunterschiede,Gender Diversity,Geschlechtsspezifische Diversität , Rites de passage,Übergangsbrauch,Schwellenritual,Übergangsritual,Passagenriten , History,Geschichtliche Epoche,Historical development,Historische Entwicklung,Landesgeschichte,Regionalgeschichte,Ortsgeschichte,Zeitgeschichte 
TIM |a 100020040101_100020041231  |b 2004 - 2004